Cielo y suelo de Haití / (Record no. 5515)
[ view plain ]
| 000 -CABECERA | |
|---|---|
| campo de control de longitud fija | 00818cam a2200229 a 4500 |
| 001 - NÚMERO DE CONTROL | |
| campo de control | 000005719 |
| 005 - FECHA Y HORA DE LA ÚLTIMA TRANSACCIÓN | |
| campo de control | 20200929151746.0 |
| 008 - DATOS DE LONGITUD FIJA--INFORMACIÓN GENERAL | |
| campo de control de longitud fija | 811207s1978 ve a b 001 0 spa |
| 040 ## - FUENTE DE LA CATALOGACIÓN | |
| Centro catalogador/agencia de origen | DO-SdBNP |
| Lengua de catalogación | spa |
| Centro/agencia transcriptor | BNPHU |
| 082 ## - NÚMERO DE LA CLASIFICACIÓN DECIMAL DEWEY | |
| Número de clasificación | 972.94 |
| Número de documento/Ítem | N778c |
| 100 1# - ENTRADA PRINCIPAL--NOMBRE DE PERSONA | |
| Nombre de persona | Noguera Mora, Neftalí, |
| Fechas asociadas al nombre | 1918-1970. |
| 9 (RLIN) | 16169 |
| 245 10 - MENCIÓN DE TÍTULO | |
| Título | Cielo y suelo de Haití / |
| Mención de responsabilidad, etc. | Neftalí Noguera Mora ; prólogo de Pedro Rincón Gutiérrez. |
| 260 ## - PUBLICACIÓN, DISTRIBUCIÓN, ETC. | |
| Lugar de publicación, distribución, etc. | Mérida, Venezuela : |
| Nombre del editor, distribuidor, etc. | Universidad de los Andes, |
| Fecha de publicación, distribución, etc. | 1978. |
| 300 ## - DESCRIPCIÓN FÍSICA | |
| Extensión | 111 p. : |
| Otras características físicas | il. ; |
| Dimensiones | 23 cm. |
| 490 1# - MENCIÓN DE SERIE | |
| Mención de serie | Ediciones del Rectorado |
| 504 ## - NOTA DE BIBLIOGRAFÍA, ETC. | |
| Nota de bibliografía, etc. | Bibliografía : p. 103 |
| 651 #4 - PUNTO DE ACCESO ADICIONAL DE MATERIA--NOMBRE GEOGRÁFICO | |
| Nombre geográfico | Haití |
| Subdivisión general | Civilización |
| 9 (RLIN) | 16170 |
| 651 #4 - PUNTO DE ACCESO ADICIONAL DE MATERIA--NOMBRE GEOGRÁFICO | |
| Nombre geográfico | Haití |
| Subdivisión general | Historia |
| 9 (RLIN) | 8418 |
| 651 #4 - PUNTO DE ACCESO ADICIONAL DE MATERIA--NOMBRE GEOGRÁFICO | |
| Nombre geográfico | Haití |
| Subdivisión general | Condiciones Sociales |
| 9 (RLIN) | 12666 |
| 700 1# - PUNTO DE ACCESO ADICIONAL--NOMBRE DE PERSONA | |
| Nombre de persona | Rincón Gutiérrez, Pedro, |
| Término indicativo de función/relación | prol. |
| 9 (RLIN) | 16171 |
| 830 #0 - PUNTO DE ACCESO ADICIONAL DE SERIE-TÍTULO UNIFORME | |
| Título uniforme | Ediciones del Rectorado |
| 9 (RLIN) | 16172 |
| Estado de retiro | Estado de pérdida | Restricciones de uso | No para préstamo | Código de colección | Localización permanente | Ubicación/localización actual | Ubicación en estantería | Fecha de adquisición | Número de inventario | Total de préstamos | Signatura topográfica completa | Código de barras | Fecha visto por última vez | Precio válido a partir de | Tipo de ítem Koha | Número de copia |
|---|---|---|---|---|---|---|---|---|---|---|---|---|---|---|---|---|
| Monografías: Libros y Folletos | General | General | Depósito | 21.08.2009 | LF1 | 972.94 N778c | 5719-10 | 25.06.2020 | 25.06.2020 | Préstamo en sala | ||||||
| Extraviado | Préstamo restringido | Préstamo restrigido | Monografías: Libros y Folletos | General | General | Extraviado | 26.05.2017 | LF1 | 972.94 N778c | 5719-20 | 25.06.2020 | 25.06.2020 | Préstamo en sala | e. 2 |
